[Event "EU-ch Amateur U2000"]
[Site "Zagreb"]
[Date "2022.08.19"]
[Round "7"]
[White "Golub, Nikolina"]
[Black "Berdalovic, Nora"]
[Result "1-0"]
[WhiteElo "1818"]
[BlackElo "1760"]
[PlyCount "63"]
[EventDate "2022.08.14"]
[EventType "swiss"]
[EventRounds "9"]
[EventCountry "CRO"]
[SourceTitle "CBM 210 Extra"]
[Source "ChessBase"]
[SourceDate "2022.11.30"]
[SourceVersion "1"]
[SourceVersionDate "2022.11.30"]
[SourceQuality "1"]

1. d4 Nf6 2. c4 g6 3. Nc3 Bg7 4. e4 d6 5. f3 0-0 6. Be3 c5 7. Nge2 Nc6 8. d5 Ne5 9. Ng3 h5 10. Be2 e6 11. Nf1 exd5 12. cxd5 c4 13. Nd2 Qa5 14. 0-0 b5 15. a4 b4 16. Nb5 Qd8 17. Nxc4 Nxc4 18. Bxc4 a6 19. Nd4 Nd7 20. Qd2 Ne5 21. Be2 a5 22. Nc6 Nxc6 23. dxc6 Qf6 24. Rab1 Ba6 25. Rfd1 Bxe2 26. Qxe2 Rfc8 27. Qb5 Qe6 28. Qd5 Bf8 29. b3 Ra6 30. Rbc1 Qe8 31. c7 Qd7 32. Qb5 1-0

[Event "EU-ch Amateur U2000"]
[Site "Zagreb"]
[Date "2022.08.15"]
[Round "2"]
[White "Berdalovic, Nora"]
[Black "Mesar, Darko"]
[Result "0-1"]
[WhiteElo "1760"]
[BlackElo "1852"]
[PlyCount "86"]
[EventDate "2022.08.14"]
[EventType "swiss"]
[EventRounds "9"]
[EventCountry "CRO"]
[SourceTitle "CBM 210 Extra"]
[Source "ChessBase"]
[SourceDate "2022.11.30"]
[SourceVersion "1"]
[SourceVersionDate "2022.11.30"]
[SourceQuality "1"]

1. e4 c5 2. Nf3 d6 3. d4 cxd4 4. Nxd4 Nf6 5. Nc3 g6 6. Be3 Bg7 7. f3 0-0 8. Qd2 Nc6 9. Bc4 Nxd4 10. Bxd4 Be6 11. Bb3 Qa5 12. 0-0-0 b5 13. Kb1 b4 14. Nd5 Bxd5 15. Bxd5 Nxd5 16. Bxg7 Kxg7 17. Qxd5 Qb6 18. Qd4+ Qxd4 19. Rxd4 a5 20. Rhd1 Rfc8 21. Rd5 Ra7 22. R1d2 h5 23. h4 Rc5 24. Rxc5 dxc5 25. Rd8 Kf6 26. Rc8 Ke5 27. Rxc5+ Kf4 28. Rg5 a4 29. Kc1 Rd7 30. c3 bxc3 31. bxc3 e5 32. Kb2 Rc7 33. Ka3 Rc4 34. Kb2 Rc6 35. Kc2 Rd6 36. c4 Rd8 37. Kc3 Rg8 38. g3+ Kxf3 39. Rxe5 Kxg3 40. Re7 f5 41. exf5 gxf5 42. Rf7 f4 43. Kd3 f3 0-1

[Event "Split op 11th"]
[Site "Split"]
[Date "2022.07.16"]
[Round "1"]
[White "Pezelj, Novak"]
[Black "Berdalovic, Nora"]
[Result "1-0"]
[WhiteElo "2491"]
[BlackElo "1812"]
[PlyCount "77"]
[EventDate "2022.07.16"]
[EventType "swiss"]
[EventRounds "9"]
[EventCountry "CRO"]
[SourceTitle "CBM 209 Extra"]
[Source "ChessBase"]
[SourceDate "2022.09.30"]
[SourceVersion "1"]
[SourceVersionDate "2022.09.30"]
[SourceQuality "1"]

1. c4 Nf6 2. Nc3 g6 3. g3 Bg7 4. Bg2 0-0 5. Nf3 Nc6 6. d4 d6 7. 0-0 e5 8. e3 Rb8 9. b3 exd4 10. exd4 h6 11. h3 Re8 12. Be3 Ne7 13. d5 a6 14. Nd4 Kh7 15. Qd2 Nf5 16. Nxf5 Bxf5 17. Rac1 h5 18. f3 b5 19. Bg5 b4 20. Ne4 Re5 21. Qf4 Bxe4 22. fxe4 Rxg5 23. Qxg5 Bh6 24. Qxf6 Qxf6 25. Rxf6 Bxc1 26. Rxf7+ Kh6 27. Rxc7 Be3+ 28. Kh2 Bd4 29. h4 a5 30. Rd7 Rb6 31. Bh3 Ra6 32. Rb7 Ra8 33. Be6 Rf8 34. Kh3 Be5 35. Kg2 Bd4 36. Kh3 Be5 37. Bf7 Kg7 38. c5 Rxf7 39. c6 1-0